القيم التربوية في لبنان: بين الواقع والمطلوب (Record no. 21453)
[ view plain ]
| 000 -LEADER | |
|---|---|
| fixed length control field | 02096nam a2200229Ia 4500 |
| 008 - FIXED-LENGTH DATA ELEMENTS--GENERAL INFORMATION | |
| fixed length control field | 180910s9999 xx 000 0 und d |
| 100 1# - MAIN ENTRY--PERSONAL NAME | |
| Personal name | حمادة، نجلاء |
| 245 10 - TITLE STATEMENT | |
| Title | القيم التربوية في لبنان: بين الواقع والمطلوب |
| 260 ## - PUBLICATION, DISTRIBUTION, ETC. | |
| Place of publication, distribution, etc. | بيروت |
| Name of publisher, distributor, etc. | الهيئة اللبنانية للعلوم التربوية |
| Date of publication, distribution, etc. | 2001 |
| 300 ## - PHYSICAL DESCRIPTION | |
| Extent | 59-78 pages |
| 490 0# - SERIES STATEMENT | |
| Series statement | القيم والتعليم |
| 500 ## - GENERAL NOTE | |
| General note | النوع : فصل في كتاب |
| 520 3# - SUMMARY, ETC. | |
| Summary, etc. | تنطلق هذه الدراسة في بحثها عن أنسب القيم التربوية لمجتمعنا، من مقارنة بين ما وصلت إليه دراسة في جامعة ميشيغان حول القيم السائدة، خاصة في الغرب، وبين ما تبديه عينة لبنانية محدودة من نسق قيمية. فنجد ان القيم عندنا، سواء المادي وما بعد المادي منها، هي قيم ذاتية المحور ينقصها التماهي بالمجتمع الوطني والشعور بالقدرة على الفعالية فيه. وإذ يتناول البحث القيم التي تتبناها المناهج الجديدة، يجد ان هذا التبني هو منقوص لافتقاره إلى أرضية من الشعور بالمواطنية ولغياب المعتقد الراسخ من نفوس واضعيه والمنادين به. تنتهي الدراسة إلى التوصية بأحد منحيين: إما ثورة وإبداع في استنباط ما يلائمنا من قيم تكون أصيلة ومجدية لحاجاتنا، وإما تكامل في استعارة القيم الغربية بحيث تكون هذه الاستعارة فاعلة ومنسجمة مع ذاتها. |
| 650 #4 - SUBJECT ADDED ENTRY--TOPICAL TERM | |
| Topical term or geographic name entry element | Educational policy |
| 650 #4 - SUBJECT ADDED ENTRY--TOPICAL TERM | |
| Topical term or geographic name entry element | Politique éducative |
| 650 #4 - SUBJECT ADDED ENTRY--TOPICAL TERM | |
| Topical term or geographic name entry element | Valeurs et Education |
| 650 #4 - SUBJECT ADDED ENTRY--TOPICAL TERM | |
| Topical term or geographic name entry element | Values and Education |
| 650 #4 - SUBJECT ADDED ENTRY--TOPICAL TERM | |
| Topical term or geographic name entry element | التعليم والقيم |
| 650 #4 - SUBJECT ADDED ENTRY--TOPICAL TERM | |
| Topical term or geographic name entry element | السياسة التربوية |
| 856 ## - ELECTRONIC LOCATION AND ACCESS | |
| Public note | الهيئة اللبنانية للعلوم التربوية |
| 942 ## - ADDED ENTRY ELEMENTS (KOHA) | |
| Koha item type | بيانات الهيئة اللبنانية للعلوم التربوية |
No items available.